Razon y convivencia en la politica española (Record no. 7247)

MARC details
000 -LEADER
campo de control de longitud fija 00800nam a2200229 i 4500
001 - NÚMERO DE CONTROL
campo de control 7247
003 - IDENTIFICADOR DE NÚMERO DE CONTROL
campo de control ES-MaACL
005 - FECHA Y HORA DE LA ÚLTIMA TRANSACCIÓN
campo de control 20230906145207.0
007 - CAMPO FIJO DE DESCRIPCIÓN FÍSICA--INFORMACIÓN GENERAL
campo de control de longitud fija t|
008 - DATOS DE LONGITUD FIJA--INFORMACIÓN GENERAL
campo de control de longitud fija 901113s1984 sp ||||1| spa d
020 ## - NÚMERO INTERNACIONAL ESTÁNDAR DEL LIBRO
Número Internacional Estándar del Libro 84-7209-173-2
080 ## - NÚMERO DE LA CLASIFICACIÓN DECIMAL UNIVERSAL
Número de la Clasificación Decimal Universal 32(46)"1982/1983"
245 00 - MENCIÓN DEL TÍTULO
Título Razon y convivencia en la politica española
Resto del título : ciclo de conferencias pronunciadas en el Club Siglo XXI durante el curso 1982-1983 /
Mención de responsabilidad, etc. Club Siglo XXI.
260 ## - PUBLICACIÓN, DISTRIBUCIÓN, ETC.
Lugar de publicación, distribución, etc. Madrid :
Nombre del editor, distribuidor, etc. Union Editorial,
Fecha de publicación, distribución, etc. D.L. 1984.
300 ## - DESCRIPCIÓN FÍSICA
Extensión 3 v. ;
Dimensiones 22 cm.
490 1# - MENCIÓN DE SERIE
Mención de serie Nuestro siglo ;
Designación de volumen o secuencia 21 ; 22 ; 23
651 #4 - PUNTO DE ACCESO ADICIONAL DE MATERIA--NOMBRE GEOGRÁFICO
Nombre geográfico España-
Subdivisión general Política y gobierno-
Subdivisión cronológica 1975-1982.
9 (RLIN) 8447
710 2# - ENTRADA AGREGADA--NOMBRE DE ENTIDAD CORPORATIVA
Nombre de entidad corporativa o nombre de jurisdicción como elemento de entrada Club Siglo XXI.
9 (RLIN) 2868
830 0# - PUNTO DE ACCESO ADICIONAL DE SERIE-TÍTULO UNIFORME
Título uniforme Nuestro siglo ;
Designación de volumen o secuencia 21 ; 22 ; 23
9 (RLIN) 177842
852 ## - LOCALIZACIÓN
Ubicación ES-MaACL
Número de control de estantería L-14524-6
Sublocalización o colección R.118406
Nota libre . - rust.
Holdings
Estatus retirado Estado de pérdida Estado de daño No para préstamo Biblioteca de origen Biblioteca actual Ubicación en estantería Fecha de adquisición Fuente de adquisición Total de préstamos Signatura topográfica completa Código de barras Visto por última vez Precio de reemplazo Tipo de ítem Koha
        Biblioteca del Ateneo de Madrid Biblioteca del Ateneo de Madrid Depósito 2 17/01/2008     L-14524-6 1007392 23/02/2023 23/02/2023 Libro impreso